000
00304nam a2200121Ia 4500
008
191201s2012 xx 000 0 und d
100
_a
HANLY, Jeri R.
245
0
_a
Problem solving and program designing c..
250
_a
IMP 4th
260
_c
2012
_b
pearson
_a
NEW DELHI
300
_a
920
942
_2
ddc
_c
BK
999
_c
7815
_d
7815